000 00474nam a22001697a 4500
999 _c526606
_d526606
003 NUST
020 _q(Hbk)
038 _aM. Shaban
082 _a891.4911
_bAHS
100 _aAhsan Ullah Tahir
_916564
245 _aAwal hamad sina alahi /
_cAhsan Ullah Tahir
260 _aGujranwala :
_bFrough Adab Academy,
_c1999.
300 _a176 p, ;
880 _6100-01\r
_aاحسان اللہ طاہر
880 _6245-02\r
_aاوّل حمد ثناالہی /
942 _2ddc
_cBK